000 01936nam a2200361Ic 4500
001 60259
003 CO-BoRNBP
005 20251218204702.0
007 ta
008 240923s9999 xx 000 0 und d
020 _a9786287666191
040 _aCO-BoRNBP
_bspa
_erda
_cCO-BoRNBP
041 0 _aspa
043 _as-ck---
082 0 4 _a863.42
_bP27r
_223
100 1 0 _aPérez Silva, Vicente,
_d1929-
_eaut
_951251
245 1 0 _aRaíces históricas de La vorágine :
_bedición del centenario (1924-2024) /
_cVicente Pérez Silva.
250 _aSegunda edición
264 1 _aBogotá, Colombia :
_bMinisterio de las Culturas las Artes y los Saberes,
_c2024
300 _a233 páginas
336 _atexto
_btxt
_2rdacontenido
337 _asin mediación
_bn
_2rdamedio
338 _avolumen
_bnc
_2rdasoporte
490 0 _aBiblioteca Vorágine
_v3
500 _aImágen de contracubierta correspondiente a la cubierta de La vorágine publicada por M. Aguilar Editor en 1933 en Madrid, España, diseñada por Ignacio Gómez Jaramillo
520 _aEn este libro, Vicente Pérez Silva presenta los hechos y episodios históricos, criminales e inhumanos cometidos por la infausta Casa Arana, en la entraña de la selva amazónica, en contra de los caucheros, colonos y tribus indígenas del Caquetá y del Putumayo, hechos que constituyen el fundamento de la mayor parte de La vorágine. Su obra es un conjunto de fuentes testimoniales y documentales de primera mano, que rinden tributo a una de las obras más importantes de la literatura colombiana. -- Tomado a partes del texto
600 1 0 _aRivera, José Eustasio,
_d1888-1928
_938364
650 1 7 _aCritica literaria
_zColombia
_2rnbp
_968145
650 1 7 _aNovela colombiana
_xHistoria y crítica
_2rnbp
_968146
650 1 7 _aLiteratura colombiana
_vColecciones de escritos
_2rnbp
_91413
651 0 _aColombia
_xHistoria
_xCondiciones socioeconómicas
_968147
942 _n0
_2ddc
_cBKLIT
999 _c60259
_d60259